000 00597cam a22002053a 4500
001 43201
003 PGUSA
005 20140828084000.0
008 130712s2013||||xxu|||||s|||||000 | eng d
040 _aPGUSA
_beng
042 _adc
100 1 _aHoare, Edward N.,
_d1842-
245 1 0 _aMultiplied Blessings :
_bEighteen Short Readings
_h[electronic resource] /
_cEdward N. Hoare
260 _bProject Gutenberg,
_c2013
506 _aPublic domain in the USA.
516 _aElectronic text
830 0 _aProject Gutenberg
_v43201
856 4 0 _uhttp://www.gutenberg.org/ebooks/43201
942 _cEB
999 _c272452
_d272452